<?xml version="1.0" encoding="UTF-8"?>
<record
    xmlns:xsi="http://www.w3.org/2001/XMLSchema-instance"
    xsi:schemaLocation="http://www.loc.gov/MARC21/slim http://www.loc.gov/standards/marcxml/schema/MARC21slim.xsd"
    xmlns="http://www.loc.gov/MARC21/slim">

  <leader>03167cam a22002778a 4500</leader>
  <controlfield tag="001">17097705</controlfield>
  <controlfield tag="005">20130317145818.0</controlfield>
  <controlfield tag="008">111223s2013    mou      b    000 0 eng  </controlfield>
  <datafield tag="010" ind1=" " ind2=" ">
    <subfield code="a">  2011053083</subfield>
  </datafield>
  <datafield tag="020" ind1=" " ind2=" ">
    <subfield code="a">9780323083331 (hardcover : alk. paper)</subfield>
  </datafield>
  <datafield tag="082" ind1="0" ind2="0">
    <subfield code="a">617</subfield>
    <subfield code="2">23</subfield>
    <subfield code="b">STU</subfield>
  </datafield>
  <datafield tag="245" ind1="0" ind2="0">
    <subfield code="a">Sturdevant's Art and Science of Operative Dentistry /</subfield>
    <subfield code="c">Harald O. Heymann, Edward J. Swift Jr., Andre V. Ritter.</subfield>
  </datafield>
  <datafield tag="246" ind1="1" ind2=" ">
    <subfield code="a">Art and science of operative dentistry</subfield>
  </datafield>
  <datafield tag="250" ind1=" " ind2=" ">
    <subfield code="a">6th ed. /</subfield>
    <subfield code="b">[edited by] Harald O. Heymann, Edward J. Swift Jr., Andre V. Ritter.</subfield>
  </datafield>
  <datafield tag="260" ind1=" " ind2=" ">
    <subfield code="a">St. Louis, Mo. :</subfield>
    <subfield code="b">Elsevier/Mosby,</subfield>
    <subfield code="c">c2013.</subfield>
  </datafield>
  <datafield tag="300" ind1=" " ind2=" ">
    <subfield code="a">29 p. ;</subfield>
    <subfield code="c">548 cm.</subfield>
  </datafield>
  <datafield tag="504" ind1=" " ind2=" ">
    <subfield code="a">Includes bibliographical references.</subfield>
  </datafield>
  <datafield tag="505" ind1="0" ind2=" ">
    <subfield code="a">Clinical significance of dental anatomy, histology, physiology, and occlusion / Lee W. Boushell, John R. Sturdevant -- Dental caries : etiology, clinical characteristics, risk assessment, and management / Andre V. Ritter, Terrence E. Donovan, R. Scott Eidson -- Patient assessment, examination and diagnosis, and treatment planning / R. Scott Eidson, Daniel A. Shugars -- Fundamental concepts of enamel and dentin adhesion / Jorge Perdigao, Edward J. Swift Jr., Ricardo Walter -- Fundamentals in tooth preparation and pulp protection / Lee W. Boushell, Theodore M. Roberson, Ricardo Walter -- Instruments and equipment for tooth preparation / Terrence E. Donovan, R. Scott Eidson -- Preliminary considerations for operative dentistry / Lee W. Boushell, Ricardo Walter, Aldridge D. Wilder Jr. -- Introduction to composite restorations / Harald O. Heymann, Andre V. Ritter, Theodore M. Roberson -- Class III, IV, and V direct composite and glass ionomer restorations / Andre V. Ritter, Ricardo Walter, Theodore M. Roberson -- Class I, II, and VI direct composite restorations and other tooth-colored restorations / Andre V. Ritter, Ricardo Walter, Theodore M. Roberson -- Class I and II indirect tooth-colored restorations / Edward J. Swift Jr., John R. Sturdevant, Lee W. Boushell -- Additional conservative esthetic procedures / Harald O. Heymann -- Introduction to amalgam restorations / Lee W. Boushell, Terrence E. Donovan, Theodore M. Roberson -- Class I, II, and VI amalgam restorations / Lee W. Boushell, Theodore M. Roberson, Aldridge W. Wilder Jr. -- Class III and V amalgam restorations / Lee W. Boushell, Theodore M. Roberson, Aldridge W. Wilder Jr. -- Complex amalgam restorations / Lee W. Boushell, Aldridge W. Wilder Jr. -- Class II cast metal restorations / John R. Sturdevant -- Biomaterials / Stephen C. Bayne, Jeffrey Y. Thompson -- Infection control / Ralph H. Leonard Jr., James J. Crawford -- Pain control for operative dentistry / Aldridge D. Wilder Jr. -- Bonded splints and bridges / Harald O. Heymann -- Direct gold restorations / Gregory E. Smith -- Additional information on instruments and equipment for tooth preparation / Terrence E. Donovan, R. Scott Eidson.</subfield>
  </datafield>
  <datafield tag="650" ind1="1" ind2="2">
    <subfield code="a">Dentistry, Operative.</subfield>
    <subfield code="9">32868</subfield>
  </datafield>
  <datafield tag="653" ind1=" " ind2=" ">
    <subfield code="b">Dent</subfield>
    <subfield code="c">March2013</subfield>
  </datafield>
  <datafield tag="700" ind1="1" ind2=" ">
    <subfield code="a">Heymann, Harald.</subfield>
    <subfield code="9">32869</subfield>
  </datafield>
  <datafield tag="700" ind1="1" ind2=" ">
    <subfield code="a">Swift, Edward J.</subfield>
    <subfield code="9">32870</subfield>
  </datafield>
  <datafield tag="700" ind1="1" ind2=" ">
    <subfield code="a">Ritter, Andre V.</subfield>
    <subfield code="9">32871</subfield>
  </datafield>
  <datafield tag="700" ind1="1" ind2=" ">
    <subfield code="a">Sturdevant, Clifford M.</subfield>
    <subfield code="9">32872</subfield>
  </datafield>
  <datafield tag="942" ind1=" " ind2=" ">
    <subfield code="2">ddc</subfield>
    <subfield code="c">BB</subfield>
  </datafield>
  <datafield tag="999" ind1=" " ind2=" ">
    <subfield code="c">17369</subfield>
    <subfield code="d">17341</subfield>
  </datafield>
  <datafield tag="952" ind1=" " ind2=" ">
    <subfield code="0">0</subfield>
    <subfield code="1">0</subfield>
    <subfield code="2">ddc</subfield>
    <subfield code="4">0</subfield>
    <subfield code="7">0</subfield>
    <subfield code="8">Baccah</subfield>
    <subfield code="a">MAIN</subfield>
    <subfield code="b">MAIN</subfield>
    <subfield code="c">1ST</subfield>
    <subfield code="d">2013-03-17</subfield>
    <subfield code="e">purchase</subfield>
    <subfield code="l">5</subfield>
    <subfield code="m">43</subfield>
    <subfield code="o">617 STU</subfield>
    <subfield code="p">000028508</subfield>
    <subfield code="r">2025-07-15 00:00:00</subfield>
    <subfield code="s">2020-02-26</subfield>
    <subfield code="y">BB</subfield>
  </datafield>
  <datafield tag="952" ind1=" " ind2=" ">
    <subfield code="0">0</subfield>
    <subfield code="1">0</subfield>
    <subfield code="2">ddc</subfield>
    <subfield code="4">0</subfield>
    <subfield code="7">0</subfield>
    <subfield code="8">Baccah</subfield>
    <subfield code="a">MAIN</subfield>
    <subfield code="b">MAIN</subfield>
    <subfield code="c">1ST</subfield>
    <subfield code="d">2013-03-17</subfield>
    <subfield code="e">purchase</subfield>
    <subfield code="l">1</subfield>
    <subfield code="m">20</subfield>
    <subfield code="o">617 STU</subfield>
    <subfield code="p">000028509</subfield>
    <subfield code="r">2025-07-15 00:00:00</subfield>
    <subfield code="s">2019-10-07</subfield>
    <subfield code="y">BB</subfield>
  </datafield>
  <datafield tag="952" ind1=" " ind2=" ">
    <subfield code="0">0</subfield>
    <subfield code="1">0</subfield>
    <subfield code="2">ddc</subfield>
    <subfield code="4">0</subfield>
    <subfield code="7">0</subfield>
    <subfield code="8">Baccah</subfield>
    <subfield code="a">MAIN</subfield>
    <subfield code="b">MAIN</subfield>
    <subfield code="c">1ST</subfield>
    <subfield code="d">2013-03-17</subfield>
    <subfield code="e">purchase</subfield>
    <subfield code="l">1</subfield>
    <subfield code="m">43</subfield>
    <subfield code="o">617 STU</subfield>
    <subfield code="p">000028510</subfield>
    <subfield code="r">2025-07-15 00:00:00</subfield>
    <subfield code="s">2017-04-02</subfield>
    <subfield code="y">BB</subfield>
  </datafield>
  <datafield tag="952" ind1=" " ind2=" ">
    <subfield code="0">0</subfield>
    <subfield code="1">0</subfield>
    <subfield code="2">ddc</subfield>
    <subfield code="4">0</subfield>
    <subfield code="7">0</subfield>
    <subfield code="8">Baccah</subfield>
    <subfield code="a">MAIN</subfield>
    <subfield code="b">MAIN</subfield>
    <subfield code="c">1ST</subfield>
    <subfield code="d">2013-03-17</subfield>
    <subfield code="e">purchase</subfield>
    <subfield code="l">2</subfield>
    <subfield code="m">8</subfield>
    <subfield code="o">617 STU</subfield>
    <subfield code="p">000028511</subfield>
    <subfield code="q">2016-11-03</subfield>
    <subfield code="r">2016-02-01 00:00:00</subfield>
    <subfield code="s">2016-02-01</subfield>
    <subfield code="y">BB</subfield>
  </datafield>
  <datafield tag="952" ind1=" " ind2=" ">
    <subfield code="0">0</subfield>
    <subfield code="1">0</subfield>
    <subfield code="2">ddc</subfield>
    <subfield code="4">0</subfield>
    <subfield code="7">0</subfield>
    <subfield code="8">Baccah</subfield>
    <subfield code="a">MAIN</subfield>
    <subfield code="b">MAIN</subfield>
    <subfield code="c">1ST</subfield>
    <subfield code="d">2013-03-17</subfield>
    <subfield code="e">purchase</subfield>
    <subfield code="l">1</subfield>
    <subfield code="o">617 STU</subfield>
    <subfield code="p">000028512</subfield>
    <subfield code="r">2025-07-15 00:00:00</subfield>
    <subfield code="s">2018-04-22</subfield>
    <subfield code="y">BB</subfield>
  </datafield>
</record>
